| 000 | nam a22 4500 | ||
|---|---|---|---|
| 999 |
_c29426 _d29426 |
||
| 008 | 171205b xxu||||| |||| 00| 0 eng d | ||
| 020 | _a9966468684 | ||
| 050 | _aPL 8704 .M85A2 2011 | ||
| 100 | _aAbdulla, Mohammed Said | ||
| 245 |
_aMwana wa yungi hulewa / _cMohammed Said Abdulla |
||
| 260 |
_aNairobi : _bEast African Educational Publishers, _c2011. |
||
| 300 |
_a130p. ; _c17 cm. |
||
| 942 |
_2lcc _cAFRICANA _hPL 8704 .M85A2 2011 _06 |
||